Koleje Śląskie S1 Gliwice - Częstochowa wszystkie przystanki - Statystyki

Ogólne statystyki
  • Ten quiz został rozwiązany 44 razy
  • Średni wynik to 22 z 33
Statystyki odpowiedzi
Hint Odpowiedź % Poprawnych
35. Częstochowa
100%
1. Gliwice
100%
8. Katowice
97%
14. Dąbrowa Górnicza
91%
2. Zabrze
91%
27. Myszków
88%
3. Ruda Śląska
82%
6. Chorzów Batory
79%
11. Sosnowiec Główny
79%
22. Zawiercie
79%
17. Dąbrowa Górnicza Ząbkowice
76%
10. Katowice Szopienice Południowe
76%
12. Będzin Miasto
73%
34. Częstochowa Raków
73%
7. Katowice Załęże
73%
4. Ruda Chebzie
70%
5. Świętochłowice
70%
32. Korwinów
61%
19. Chruszczobród
58%
15. Dąbrowa Górnicza Gołonóg
58%
9. Katowice Zawodzie
58%
21. Łazy
58%
31. Poraj
58%
13. Będzin Ksawera
55%
18. Dąbrowa Górnicza Sikorka
55%
29. Żarki Letnisko
52%
24. Myszków Mrzygłód
45%
25. Myszków Światowit
45%
30. Masłońskie Natalin
42%
28. Myszków Nowa Wieś
42%
20. Wiesiółka
42%
23. Zawiercie Borowe Pole
42%
16. Dąbrowa Górnicza Pogoria
39%
Nie znaleziono quizów pasujących do podanych kryteriów
Rozkład punktacji
Procent ludzi z każdym wynikiem
Percentyl według liczby udzielonych odpowiedzi
Twoja historia wyników
Nie rozwiązałeś tego quizu